Housing Finance (Record no. 118588)

MARC details
000 -LEADER
fixed length control field 00840cas a22002415a 4500
001 - CONTROL NUMBER
control field L09553800
008 - FIXED-LENGTH DATA ELEMENTS--GENERAL INFORMATION
fixed length control field 070703d19892004xxkqr p 0 a0eng
022 1# - INTERNATIONAL STANDARD SERIAL NUMBER
International Standard Serial Number 0955-3800
035 ## - SYSTEM CONTROL NUMBER
System control number (Sirsi) u98930
041 0# - LANGUAGE CODE
Language code of text/sound track or separate title eng
110 2# - MAIN ENTRY--CORPORATE NAME
Corporate name or jurisdiction name as entry element Building Societies Association
9 (RLIN) 1731
245 00 - TITLE STATEMENT
Title Housing Finance
260 ## - PUBLICATION, DISTRIBUTION, ETC.
Place of publication, distribution, etc. London
Name of publisher, distributor, etc. Building Societies Association
Date of publication, distribution, etc. 1989-2004
362 0# - DATES OF PUBLICATION AND/OR SEQUENTIAL DESIGNATION
Dates of publication and/or sequential designation (1) January 1989-(64) Winter 2004
520 ## - SUMMARY, ETC.
Summary, etc. Following the Winter 2004 issue, Housing Finance is published online only.
554 ## -
-- Four per year
651 #4 - SUBJECT ADDED ENTRY--GEOGRAPHIC NAME
Geographic name United Kingdom
Chronological subdivision
690 ## - LOCAL SUBJECT ADDED ENTRY--TOPICAL TERM (OCLC, RLIN)
Topical term or geographic name as entry element PROPERTY-RESIDENTIAL PROPERTY-RESIDENTIAL PROPERTY FINANCE AND INVESTMENT
780 00 - PRECEDING ENTRY
Title BSA Bulletin
856 ## - ELECTRONIC LOCATION AND ACCESS
Uniform Resource Identifier <a href="https://www.cml.org.uk/cml/media/west/hfinace">https://www.cml.org.uk/cml/media/west/hfinace</a>
Public note View Housing Finance online at www.cml.org.uk...
942 ## - ADDED ENTRY ELEMENTS (KOHA)
Suppress in OPAC 0
948 ## - LOCAL PROCESSING INFORMATION (OCLC); SERIES PART DESIGNATOR (RLIN)
c (OCLC) 19/09/1994
Holdings
Withdrawn status Lost status Source of classification or shelving scheme Damaged status Not for loan Home library Current library Shelving location Date acquired Total Checkouts Full call number Barcode Date last seen Price effective from Koha item type
    Dewey Decimal Classification     London London Basement 17/08/2004   HOUSING FINANCE 98930-1001 06/08/2019 06/08/2019 Journal